Statistiques concernant Culture G commençant par M

Cliquez ici pour prendre le quiz!

Statistiques générales

  • Ce quiz a été pris 149 fois
  • Le résultat moyen est 15 sur 30

Statistiques - réponses

HintRéponse% Correct
Partenaire inséparable de LuigiMario
98%
Mois, planète, friandiseMars
90%
On les compte pour aller dormirMouton
89%
On l'obtient sur un podiumMédaille
86%
Il permet de regarder de très prés les choses invisibles à l'oeil nuMicroscope
85%
Boisson contenant citron, sucre, menthe, glace pilée, rhum et perrierMojito
84%
___ la Menace, ___ VerstappenMax
83%
Pays de 10 lettresMozambique / Madagascar / Micronésie / Monténégro / Mauritanie
82%
Nom de famille de Laure et FlorentManaudou
78%
Pneumatique, guide, ou étoile de restaurantMichelin
77%
Militant sud-africain contre l'apartheidNelson Mandela
75%
Depay, ville du Tennessee, ou ancienne ville d'EgypteMemphis
59%
Pays ayant les tours PetronasMalaisie
58%
Danse chorégraphique sortie en 1993 par Los del RioMacarena
55%
Nom anglais de la guimauveMarshmallow
52%
Bactérie, virusMicrobe
51%
Territoire américain connu pour sa Fosse et dons la capitale est SaipanMariannes
44%
Autre le Mercure et le Magnésium, cite un autre élémentManganèse / Meitnerium / Mendélévium / Molybdène
41%
Capitales des ComoresMoroni
37%
Incapacité de voir à long termeMyopie
34%
Ville Brésilienne sur l'AmazonieManaus
31%
Animal le plus répandu en PalombieMarsupilami
30%
Fratrie cumulant 10 titres de champions du monde motoMarquez
16%
Développement anormal du volume de la têteMégalocéphalie
16%
Douleur musculaireMyalgie
5%
Film d'animation réalisé par Tony Bancroft et Barry CookMulan
3%
Au ping pong cette periode dure 1 mois et permet a un joueur de changer de clubMutation
3%
Variété de pommes en huit lettresMcIntosh
1%
Fait de façon clair, précise et structuréMéthodologiquement
1%
Abuser de la naïveté du publicMystifier
0%

Distribution des résultats

Percentile par nombre de réponses

% des personnes avec chaque résultat

Votre développement - résultats

Vous n’avez pas pris ce quiz